00323nam a2200109Ia 4500008004000000082001700040100001900057245004200076260004500118300000800163650004200171210210b1978 xxu||||| |||| 00| 0 eng d a346.066 BAIC aBAIG (Nafees). aCompany law and secretarial practice. aDelhibSterling publishing pvt ltdc1978 a273 aCompany law & secretarial practice.